000 00444nam a22001577a 4500
005 20250526034010.0
008 250526b |||||||| |||| 00| 0 eng d
082 _222
_a302
_bMah
100 _amihunthukula, sunil
245 _amahagama sekarage dunman hanthiya vimasima
250 _a2nd
260 _aMaharagama
_bSuragi Publlishers
_c1991
300 _a32 p .,
500 _amahagama sekarage dunman hanthiya vimasima ( Cinima)
942 _cL
999 _c6055
_d6055